Mějte se rádi! : knížka o přežití : okamžitá pomoc při strastech, soužení a dalších nepříjemnostech /
Uložené v:
| Hlavný autor: | |
|---|---|
| Ďalší autori: | , |
| Médium: | Kniha |
| Jazyk: | Czech German |
| Vydané: |
Praha :
Grada,
2017.
|
| Vydanie: | První vydání |
| Témy: | |
| ISBN: |
9788027104383 (viaz.) |
| Fyzický popis: |
40 strán : farebné ilustrácie ; 17 cm. |
| Tagy: |
Pridať tag
Žiadne tagy, Buďte prvý kto otaguje tento záznam!
|
Titul je dostupný aj v ... 

MARC
| LEADER | 00000nam a2200000 i 4500 | ||
|---|---|---|---|
| 001 | 000554369 | ||
| 005 | 20171012084210.0 | ||
| 008 | 170619s2017 xr a e f 000 0 cze d | ||
| 020 | |a 9788027104383 (viaz.) | ||
| 040 | |a SVKKK |b slo |c SVKKK |e AACR2 | ||
| 041 | 1 | |a cze |h ger | |
| 044 | |a xr |c CZ | ||
| 072 | 7 | |a 613 |x Hygiena. Ľudské zdravie |2 konspekt | |
| 080 | |a 613.86 |2 2011 | ||
| 080 | |a 613.72 |2 2011 | ||
| 080 | |a 17.02 |2 2011 | ||
| 080 | |a (0.062) |2 2011 | ||
| 100 | 1 | |a Croos-Müller, Claudia, |d 1951- |4 aut | |
| 240 | 1 | 0 | |a Alles Liebe!. |l Česky |
| 245 | 1 | 0 | |a Mějte se rádi! : |b knížka o přežití : okamžitá pomoc při strastech, soužení a dalších nepříjemnostech / |c Claudia Croos-Müller ; [ilustrace Kai Pannen ; překlad: Jana Bílková]. |
| 250 | |a První vydání | ||
| 260 | |a Praha : |b Grada, |c 2017. | ||
| 300 | |a 40 strán : |b farebné ilustrácie ; |c 17 cm. | ||
| 500 | |a Preložené z nemčiny | ||
| 500 | |a Biografické údaje o autorke a ilustrátorovi | ||
| 650 | 0 | 7 | |a psychohygiena |2 SVKKKPH |
| 650 | 0 | 7 | |a zvládanie stresu |2 SVKKKPH |
| 650 | 0 | 7 | |a telesné cvičenia |2 SVKKKPH |
| 650 | 0 | 7 | |a životná harmónia |2 SVKKKPH |
| 655 | 7 | |a populárno-náučné publikácie |2 SVKKKPH | |
| 700 | 1 | |a Pannen, Kai |4 ill | |
| 700 | 1 | |a Bílková, Jana, |d 1977- |4 trl | |
| 910 | |a svkkk | ||
| 919 | |a 978-80-271-0438-3 | ||
| 998 | |a BK | ||
| 090 | |g SCKHL |k Sklad Hlavná 10 prízemie |a I.84414 |j 1082657 |i 2720408325 |s Absenčne | ||